Welcome to the Holygrace Academy Library

Please use search bar below to get started

FRIENDSHIP - FOREVER FUN! (Record no. 5693)

MARC details
000 -LEADER
fixed length control field 00334nam a22001337a 4500
020 ## - INTERNATIONAL STANDARD BOOK NUMBER
ISBN 0-439-1610-5
082 ## - DEWEY DECIMAL CLASSIFICATION NUMBER
Classification number 827
Item number SCH/F
100 ## - MAIN ENTRY--AUTHOR NAME
Personal name SCHOLASTIC
245 ## - TITLE STATEMENT
Title FRIENDSHIP - FOREVER FUN!
Remainder of title HOW TO HAVE GOOD TIMES WITH GREAT FRIENDS
260 ## - PUBLICATION, DISTRIBUTION, ETC. (IMPRINT)
Place of publication NEW YORK
Name of publisher SCHOLASTIC
300 ## - PHYSICAL DESCRIPTION
Number of Pages 101
650 ## - SUBJECT ADDED ENTRY--TOPICAL TERM
Topical Term JOKES
Geographic subdivision UNITED STATES
942 ## - ADDED ENTRY ELEMENTS (KOHA)
Koha item type Books
Holdings
Withdrawn status Lost status Collection code Home library Current library Shelving location Date acquired Source of acquisition Full call number Accession Number Koha item type
    Non-fiction Main Library Main Library SHELF 15E--PSYCHOLOGY,JOKES 08/05/2006 purchase 827 SCH/F 01197 Books